Stratégie pre biohospodárstvo v členských štátoch EÚ

Biohospodárstvo ako hospodárstvo založené na biologických zdrojoch nadobúda v politickej agende EÚ čoraz väčší význam, pretože jeho implementácia sa považuje za nevyhnutnú reakciu na súčasné sociálno-ekonomické problémy, akými sú zmena klímy a vyčerpávanie zdrojov. Na podporu prepojenia ekonomického...

Ausführliche Beschreibung

Gespeichert in:
Bibliographische Detailangaben
1. Verfasser: Rajčániová, Miroslava
Weitere Verfasser: Lazorčáková, Ema
Format: Buchkapitel
Sprache:Slowakisch
Schlagworte:
Tags: Tag hinzufügen
Keine Tags, Fügen Sie das erste Tag hinzu!

MARC

LEADER 00000naa a2200000 4500
001 0283186
005 20240417075202.1
041 0 |a slo 
044 |a SK 
245 1 0 |a Stratégie pre biohospodárstvo v členských štátoch EÚ  |c Miroslava Rajčániová, Ema Lazorčáková 
520 |a Biohospodárstvo ako hospodárstvo založené na biologických zdrojoch nadobúda v politickej agende EÚ čoraz väčší význam, pretože jeho implementácia sa považuje za nevyhnutnú reakciu na súčasné sociálno-ekonomické problémy, akými sú zmena klímy a vyčerpávanie zdrojov. Na podporu prepojenia ekonomického rastu a environmentálnej udržateľnosti prijala EÚ osobitnú stratégiu pre biohospodárstvo, ktorá by mala byť doplnená aj národnými stratégiami. Kritická analýza stratégie EÚ a jednotlivých členských štátov zameraných na biohospodárstvo. 
610 2 0 |a poľnohospodárstvo ekologické 
610 2 0 |a environmentalistika 
610 2 0 |a ochrana prostredia životného 
610 2 0 |a Slovensko 
610 2 0 |a Európska únia 
100 1 |a Rajčániová, Miroslava 
700 1 |a Lazorčáková, Ema